<?xml version="1.0" encoding="UTF-8"?>
<record
    xmlns:xsi="http://www.w3.org/2001/XMLSchema-instance"
    xsi:schemaLocation="http://www.loc.gov/MARC21/slim http://www.loc.gov/standards/marcxml/schema/MARC21slim.xsd"
    xmlns="http://www.loc.gov/MARC21/slim">

  <leader>03695nam a2200433   4500</leader>
  <controlfield tag="001">33240</controlfield>
  <controlfield tag="003">Biblioteca APEC</controlfield>
  <controlfield tag="005">20251014103517.0</controlfield>
  <controlfield tag="008">000000t2015    dr ||||| |||| 00| 0 spa d</controlfield>
  <datafield tag="040" ind1=" " ind2=" ">
    <subfield code="c">Biblioteca UNAPEC</subfield>
    <subfield code="a">Biblioteca UNAPEC</subfield>
    <subfield code="b">spa</subfield>
    <subfield code="e">rda</subfield>
  </datafield>
  <datafield tag="041" ind1=" " ind2=" ">
    <subfield code="a">spa</subfield>
  </datafield>
  <datafield tag="072" ind1=" " ind2=" ">
    <subfield code="a">Facultad de Humanidades</subfield>
  </datafield>
  <datafield tag="090" ind1=" " ind2=" ">
    <subfield code="a">TPG-CI MAS-02 2015</subfield>
  </datafield>
  <datafield tag="100" ind1="1" ind2=" ">
    <subfield code="a">Carri&#xF3;n Cordones, Jos&#xED;as Rossel&#xED;n</subfield>
    <subfield code="9">7770</subfield>
    <subfield code="e">autor</subfield>
  </datafield>
  <datafield tag="245" ind1="1" ind2="0">
    <subfield code="a">Estrategia did&#xE1;ctica para la ense&#xF1;anza del m&#xE9;todo de integraci&#xF3;n por partes /</subfield>
    <subfield code="c">Jos&#xED;as Rossel&#xED;n Carri&#xF3;n Cordones ; Asesor : Carlos Robert Valdez Coats</subfield>
  </datafield>
  <datafield tag="260" ind1=" " ind2=" ">
    <subfield code="a">Santo Domingo, DO :</subfield>
    <subfield code="b">Universidad APEC,</subfield>
    <subfield code="c">2015</subfield>
  </datafield>
  <datafield tag="300" ind1=" " ind2=" ">
    <subfield code="a">54 h. : + 1 CD ROM</subfield>
  </datafield>
  <datafield tag="336" ind1=" " ind2=" ">
    <subfield code="a">Texto</subfield>
    <subfield code="b">txt</subfield>
    <subfield code="2">rdacontent</subfield>
  </datafield>
  <datafield tag="337" ind1=" " ind2=" ">
    <subfield code="a">sin mediaci&#xF3;n</subfield>
    <subfield code="b">n</subfield>
    <subfield code="2">rdamedia</subfield>
  </datafield>
  <datafield tag="338" ind1=" " ind2=" ">
    <subfield code="a">volumen</subfield>
    <subfield code="b">nc</subfield>
    <subfield code="2">rdacarrier</subfield>
  </datafield>
  <datafield tag="500" ind1=" " ind2=" ">
    <subfield code="a">CAMPUS I
Incluye CD ROM</subfield>
  </datafield>
  <datafield tag="500" ind1=" " ind2=" ">
    <subfield code="a">Tesis en Formato PDF
Tesis en Formato Electr&#xF3;nico
Tesis en Formato Digital</subfield>
  </datafield>
  <datafield tag="502" ind1=" " ind2=" ">
    <subfield code="a">Tesis (Maestr&#xED;a en Matem&#xE1;tica Superior) - Universidad APEC, 2015</subfield>
  </datafield>
  <datafield tag="505" ind1=" " ind2=" ">
    <subfield code="a">ASPECTOS INTRODUCTORIOS
-Planteamiento del problema
-Objetivos de la investigaci&#xF3;n
-Justificaci&#xF3;n de la investigaci&#xF3;n
MARCO DE REFERENCIA
-Marco hist&#xF3;rico
-Marco te&#xF3;rico
-Marco conceptal
DISE&#xD1;O METODOLOGICO
-Tipo de investigaci&#xF3;n
-Dise&#xF1;o de la investigaci&#xF3;n
ANALISIS DE ESTRATEGIAS PLANTEADAS POR AUTORES
-Revisi&#xF3;n de la literatura
-Comparaci&#xF3;n de estrategias
PRESENTACION DE LA ESTRATEGIA DIDACTICA PROPUESTA
-Demostraci&#xF3;n de la f&#xF3;rmula
-M&#xE9;todo de los cuatro pasos para la integraci&#xF3;n por partes
-Aplicaci&#xF3;n del m&#xE9;todo estrat&#xE9;gico
-Ejercicios propuestos
Conclusi&#xF3;n
Recomendaciones</subfield>
  </datafield>
  <datafield tag="520" ind1=" " ind2=" ">
    <subfield code="a">RESUMEN:
Esta investigaci&#xF3;n tiene como objetivo mostrar una estrategia did&#xE1;ctica para la ense&#xF1;anza del m&#xE9;todo de integraci&#xF3;n por partes. Estos cinco cap&#xED;tulos, como consecutivos uno de otro, llevan al lector al aprendizaje f&#xE1;cil de este tema.  
El cap&#xED;tulo I muestra las bases para esta investigaci&#xF3;n, d&#xED;gase, planteamiento del problema, los objetivos y la justificaci&#xF3;n de la investigaci&#xF3;n. El cap&#xED;tulo II establece el marco de referencia a utilizar, en la cual se basa la presente investigaci&#xF3;n. El cap&#xED;tulo III presenta la metodolog&#xED;a de investigaci&#xF3;n, o sea, el marco metodol&#xF3;gico. El cap&#xED;tulo IV es una recopilaci&#xF3;n de lo escrito por algunos autores, adem&#xE1;s de que se procede con una comparaci&#xF3;n, detallando las ventajas y las desventajas presentadas en cada opini&#xF3;n. El cap&#xED;tulo V (el &#xFA;ltimo) presenta la estrategia did&#xE1;ctica que se propone.  
Esta estrategia did&#xE1;ctica se obtiene mediante el an&#xE1;lisis comparativo de lo mostrado por otros autores (cap&#xED;tulo IV) y proponiendo una mejora en lo que se estima como un aporte. El an&#xE1;lisis de los autores y la estrategia propuesta tocan puntos similares como los siguientes: 
*Demostraci&#xF3;n de la f&#xF3;rmula utilizada en el m&#xE9;todo de integraci&#xF3;n por partes
*M&#xE9;todo de los cuatro pasos para este tipo de integraci&#xF3;n
*Aplicaci&#xF3;n del m&#xE9;todo estrat&#xE9;gico
*Ejercicios propuestos</subfield>
  </datafield>
  <datafield tag="650" ind1=" " ind2=" ">
    <subfield code="a">C&#xE1;lculo integral</subfield>
    <subfield code="x">-Ense&#xF1;anza</subfield>
    <subfield code="9">7771</subfield>
  </datafield>
  <datafield tag="650" ind1=" " ind2=" ">
    <subfield code="a">C&#xE1;lculo integral</subfield>
    <subfield code="x">-Problemas, ejercicios, etc.</subfield>
    <subfield code="9">7772</subfield>
  </datafield>
  <datafield tag="650" ind1=" " ind2=" ">
    <subfield code="a">Integraci&#xF3;n num&#xE9;rica</subfield>
    <subfield code="9">7773</subfield>
  </datafield>
  <datafield tag="650" ind1=" " ind2=" ">
    <subfield code="a">Integrales</subfield>
    <subfield code="9">86395</subfield>
  </datafield>
  <datafield tag="650" ind1=" " ind2=" ">
    <subfield code="a">An&#xE1;lisis num&#xE9;rico</subfield>
    <subfield code="9">86396</subfield>
  </datafield>
  <datafield tag="650" ind1=" " ind2=" ">
    <subfield code="a">Funciones</subfield>
    <subfield code="9">86397</subfield>
  </datafield>
  <datafield tag="650" ind1=" " ind2=" ">
    <subfield code="a">Diferenciaci&#xF3;n num&#xE9;rica</subfield>
    <subfield code="9">7777</subfield>
  </datafield>
  <datafield tag="650" ind1=" " ind2=" ">
    <subfield code="a">Ecuaciones diferenciales</subfield>
    <subfield code="9">86398</subfield>
  </datafield>
  <datafield tag="650" ind1=" " ind2=" ">
    <subfield code="a">Universidad APEC</subfield>
    <subfield code="x">-Tesis</subfield>
    <subfield code="9">86399</subfield>
  </datafield>
  <datafield tag="700" ind1="1" ind2=" ">
    <subfield code="a">Valdez Coats, Carlos Robert</subfield>
    <subfield code="9">86400</subfield>
    <subfield code="e">asesor</subfield>
  </datafield>
  <datafield tag="856" ind1=" " ind2=" ">
    <subfield code="u">https://bibliotecaunapec.blob.core.windows.net/tesis/TPG_CI_MAS_02_2015_ET150263.pdf</subfield>
    <subfield code="y"> Hacer clic para ver el PDF. (864.7 MB). Trabajo de Posgrado</subfield>
  </datafield>
  <datafield tag="912" ind1=" " ind2=" ">
    <subfield code="a">AJIM</subfield>
  </datafield>
  <datafield tag="942" ind1=" " ind2=" ">
    <subfield code="2">ddc</subfield>
    <subfield code="c">TES</subfield>
  </datafield>
  <datafield tag="999" ind1=" " ind2=" ">
    <subfield code="c">14158</subfield>
    <subfield code="d">14158</subfield>
  </datafield>
</record>
